Statistics for IndyCar Drivers of the 2010s

Click here to take the quiz!

General Stats

  • This quiz has been taken 311 times
  • The average score is 44 of 109

Answer Stats

YearsTeamsDriver% Correct
2010-2019AndrettiMarco Andretti
94%
2010-2019GanassiScott Dixon
94%
2010-2019PenskeHélio Castroneves
88%
2010-2019Andretti, KV, Ganassi, FoytTony Kanaan
88%
2010-2019Panther, Fisher, Carpenter, CFHEd Carpenter
87%
2010-2019PenskeWill Power
87%
2011-2019Coyne, Dragon, KVSébastien Bourdais
86%
2010-2019KV, RLL, Foyt, AndrettiTakuma Sato
86%
2012-2019Fisher, CFH, Carpenter, PenskeJosef Newgarden
84%
2010-2019Andretti, FoytRyan Hunter-Reay
84%
2011-2019Dreyer & Reinbold, HVM, Schmidt Peterson, PenskeSimon Pagenaud
84%
2010-2019Fisher, RLL, Dreyer & Reinbold, Newman/Haas, GanassiGraham Rahal
82%
2011-2019Newman/Haas, Andretti, Schmidt PetersonJames Hinchcliffe
82%
2018-2019Harding SteinbrennerColton Herta
80%
2017, 2019Andretti, McLarenFernando Alonso
80%
2010-2011AndrettiJohn Andretti
79%
2016-2019AndrettiAlexander Rossi
77%
2013, 2015-2019Foyt, Coyne, Schmidt Peterson, Burns, Harding, Andretti, CarlinConor Daly
73%
2010-2013GanassiDario Franchitti
71%
2010-2011, 2018Andretti, CarpenterDanica Patrick
70%
2016-2019Ganassi, CarlinMax Chilton
70%
2010-2011Panther, Herta, SchmidtDan Wheldon
68%
2010-2015Dreyer & Reinbold, Coyne, AndrettiJustin Wilson
68%
2014-2017PenskeJuan Pablo Montoya
67%
2013, 2016, 2018Coyne, KV, AndrettiStefan Wilson
64%
2019Schmidt PetersonMarcus Ericsson
63%
2014-2019Dreyer & Reinbold, Ganassi, CarlinSage Karam
63%
2011-2019Ganassi, CarlinCharlie Kimball
61%
2018-2019JuncosKyle Kaiser
61%
2010-2015Penske, Ganassi, Panther, Schmidt PetersonRyan Briscoe
61%
2013-2017LazierBuddy Lazier
58%
2019GanassiFelix Rosenqvist
58%
2018-2019CoyneSantino Ferrucci
58%
2017-2019Coyne, Ganassi, CarpenterEd Jones
57%
2018Schmidt PetersonRobert Wickens
56%
2010-2019Dreyer & Reinbold, Panther, Barracuda, Carpenter, CFHJ.R. Hildebrand
55%
2011, 2013-2019Conquest, RLL, Coyne, Clauson-MarshallPippa Mann
55%
2018-2019Harding, CarlinPatricio O'Ward
54%
2010FisherSarah Fisher
54%
2010-2013, 2015HVM, KV, AndrettiSimona de Silvestro
53%
2016-2019RLL, Carpenter, JuncosSpencer Pigot
51%
2017-2019Carpenter, Foyt, AndrettiZach Veach
51%
2010FoytJacques Lazier
50%
2017-2019Meyer ShankJack Harvey
49%
2011-2019Newman/Haas, Panther, Dreyer & Reinbold, RLL, Andretti, Penske, Schmidt PetersonOriol Servià
49%
2013-2018Andretti, Panther, Foyt, Schmidt PetersonCarlos Muñoz
47%
2014-2017Schmidt PetersonMikhail Aleshin
46%
2010-2016FAZZT, Schmidt, Herta, Barracuda, Ganassi, Fisher, FoytAlex Tagliani
43%
2018-2019FoytMatheus Leist
40%
2015-2018Herta, Coyne, HardingGabby Chaves
37%
2010-2011KV, Dreyer & Reinbold, DragonPaul Tracy
37%
2013PenskeA.J. Allmendinger
36%
2010FoytA.J. Foyt IV
35%
2014AndrettiKurt Busch
34%
2010-2015, 2017Herta, Conquest, Andretti, Dragon, KV, Ganassi, Juncos, Schmidt PetersonSebastián Saavedra
34%
2010-2016Schmidt, Dreyer & Reinbold, Panther, KV, AndrettiTownsend Bell
33%
2010-2013KV, AndrettiE. J. Viso
32%
2012-2013Dragon, Schmidt PetersonKatherine Legge
32%
2010-2014Dreyer & Reinbold, Andretti, Foyt, RLL, Coyne, CarpenterMike Conway
32%
2013-2019Coyne, KV, FoytJames Davison
31%
2019DragonSpeedBen Hanley
30%
2012Fan ForceJean Alesi
30%
2014-2015CoyneCarlos Huertas
29%
2010CoyneMilka Duno
29%
2010-2013Dreyer & Reinbold, Andretti, CoyneAna Beatriz
27%
2012KVRubens Barrichello
26%
2011DragonScott Speed
26%
2014-2016Herta, FoytJack Hawksworth
25%
2012, 2015-2016Fisher, ByrdBryan Clauson
23%
2011-2013, 2015Coyne, RLL, Schmidt PetersonJames Jakes
23%
2010-2011, 2017-2018Fisher, Schmidt, RLL, Schmidt PetersonJay Howard
22%
2010-2011Dreyer & Reinbold, Conquest, KV, FisherTomas Scheckter
22%
2018JuncosRené Binder
21%
2018CoynePietro Fittipaldi
20%
2018-2019Carpenter, RLLJordan King
19%
2013, 2015, 2017Schmidt Peterson, CoyneTristan Vautier
19%
2010-2011Conquest, RLLBertrand Baguette
18%
2014Schmidt PetersonJacques Villeneuve
18%
2016, 2019Coyne, CarlinRC Enerson
18%
2010-2011FoytVítor Meira
18%
2011PantherBuddy Rice
16%
2010, 2015Conquest, CoyneFrancesco Dracone
16%
2010-2011Dragon, AFSRaphael Matos
16%
2010-2011Newman/Haas, SchmidtHideki Mutoh
13%
2010KVMario Moraes
13%
2016MurrayMatthew Brabham
13%
2011-2012Schmidt, FoytWade Cunningham
13%
2017-2018RLL, CoyneZachary Claman DeMelo
13%
2013-2016Barracuda, RLL, CFH, CoyneLuca Filippi
12%
2015KVStefano Coletti
12%
2010-2011CoyneAlex Lloyd
11%
2018JuncosAlfonso Celis Jr.
11%
2017CoyneEsteban Gutiérrez
11%
2010-2012FAZZT, Foyt, FisherBruno Junqueira
10%
2010-2011Dragon, Dreyer & ReinboldDavey Hamilton
9%
2011DragonPatrick Carpentier
9%
2011DragonHo-Pin Tung
8%
2012-2013RLLMichel Jourdain Jr.
8%
2013FisherLucas Luhr
7%
2015CoyneRocky Moran Jr.
6%
2015CoyneRodolfo González
6%
2010AndrettiAdam Carroll
5%
2010ConquestMario Romancini
5%
2011, 2014Schmidt Peterson, FoytMartin Plowman
5%
2014AndrettiFranck Montagny
4%
2011-2012Dreyer & Reinbold, GanassiGiorgio Pantano
4%
2011ConquestJoão Paulo de Oliveira
4%
2010ConqestRoger Yasukawa
4%
2011ConquestDillon Battistini
3%

Score Distribution

Percentile by Number Answered

Percent of People with Each Score

Your Score History

You have not taken this quiz